Attitude measurement

Gespeichert in:  
Bibliographische Detailangaben
Beteiligte: Summers, Gene F. 1936- (Herausgegeben von)
Medienart: Druck Buch
Sprache:Englisch
Veröffentlicht: Chicago Rand McNally 1970
In:Jahr: 1970
Bestand in Tübingen:In Tübingen vorhanden.
UB: KB 1 A 969
Verfügbarkeit prüfen: HBZ Gateway
Subito Bestelldienst: Jetzt bestellen.
Schlagwörter:

MARC

LEADER 00000cam a22000002c 4500
001 109542548X
003 DE-627
005 20260206202023.0
007 tu
008 910827s1970 xx ||||| 00| ||eng c
035 |a (DE-627)109542548X 
035 |a (DE-603)055156665 
035 |a (DE-576)02542548X 
035 |a (DE-599)BSZ02542548X 
035 |a (OCoLC)00074601 
035 |a (DE-604)8019315686 
040 |a DE-627  |b ger  |c DE-627  |e rakwb 
041 |a eng 
082 0 |a 152.4/52 
084 |a CM 3000  |2 rvk  |0 (DE-625)rvk/18945: 
084 |a MR 2700  |2 rvk  |0 (DE-625)rvk/123495: 
084 |a CV 2000  |2 rvk  |0 (DE-625)rvk/19152: 
084 |a QH 254  |2 rvk  |0 (DE-625)rvk/141564: 
245 0 0 |a Attitude measurement  |c Ed. by Gene F. Summers 
264 1 |a Chicago  |b Rand McNally  |c 1970 
300 |a XVIII, 568 S. 
336 |a Text  |b txt  |2 rdacontent 
337 |a ohne Hilfsmittel zu benutzen  |b n  |2 rdamedia 
338 |a Band  |b nc  |2 rdacarrier 
490 0 |a Rand McNally sociology series 
505 8 |a Literaturangaben 
650 0 7 |0 (DE-588)4151420-8  |0 (DE-627)105545945  |0 (DE-576)209788046  |a Einstellungsmessung  |2 gnd 
689 0 0 |d s  |0 (DE-588)4151420-8  |0 (DE-627)105545945  |0 (DE-576)209788046  |a Einstellungsmessung  |2 gnd 
689 0 |5 (DE-627) 
700 1 |8 1\p  |a Summers, Gene F.  |d 1936-  |e Hrsg.  |0 (DE-588)131652400  |0 (DE-627)512044767  |0 (DE-576)298651181  |4 edt 
883 |8 1\p  |a cgwrk  |d 20241001  |q DE-101  |u https://d-nb.info/provenance/plan#cgwrk 
935 |h HEB  |i 0501 
935 |h HEB  |i 0503 
936 r v |a CM 3000  |b Methoden der Psychologie (Testtheorie, Skalierung, Faktorenanalyse u.ä.)  |k Psychologie  |k Allgemeines. Geschichte und Methodik  |k Methoden der Psychologie (Testtheorie, Skalierung, Faktorenanalyse u.ä.)  |0 (DE-627)127150832X  |0 (DE-625)rvk/18945:  |0 (DE-576)20150832X 
936 r v |a MR 2700  |b Skalierung  |k Soziologie  |k Sozialwissenschaftliche Theorien und Methoden  |k Methoden der Sozialforschung  |k Skalierung  |0 (DE-627)1271427621  |0 (DE-625)rvk/123495:  |0 (DE-576)201427621 
936 r v |a CV 2000  |b Methoden der Sozialpsychologie  |k Psychologie  |k Sozialpsychologie  |k Methoden der Sozialpsychologie  |0 (DE-627)1271481650  |0 (DE-625)rvk/19152:  |0 (DE-576)201481650 
936 r v |a QH 254  |b Statistische Methoden in der Psychologie. Meßmethoden (Skalierung). Psychologische Testtheorie  |k Wirtschaftswissenschaften  |k Mathematik. Statistik. Ökonometrie. Unternehmensforschung  |k Statistik  |k Sonstige Anwendungsgebiete der Statistik  |k Statistische Methoden in der Psychologie. Meßmethoden (Skalierung). Psychologische Testtheorie  |0 (DE-627)1271508311  |0 (DE-625)rvk/141564:  |0 (DE-576)201508311 
936 s n |a c200  |2 mzub 
936 s n |a m200  |2 mzub 
936 s n |a q100  |2 mzub 
951 |a BO 
ELC |b 1 
LOK |0 000 xxxxxcx a22 zn 4500 
LOK |0 001 2170704485 
LOK |0 003 DE-627 
LOK |0 004 109542548X 
LOK |0 005 20010913000000 
LOK |0 008 910827||||||||||||||||ger||||||| 
LOK |0 040   |a DE-21  |c DE-627  |d DE-21 
LOK |0 852   |a DE-21 
LOK |0 852 1  |c KB 1 A 969  |9 00 
LOK |0 935   |a krim 
LOK |0 936ln  |a k7.3.3.3 
LOK |0 939   |a 27-08-91  |b l01 
ORI |a SA-MARC-krimdoka001.raw 
SIG |a UB: KB 1 A 969